Literatúra pre 1. ročnik gymnázií a pre 1. ročník stredných odborných škôl

Bibliographic Details
Main Authors: Minárik, Jozef, 1922-2008 (Author), Koutun, Juraj, 1921-1997 (Author)
Format: Book
Language:Slovak
PhysicalDescription:231 s., 10,79 AH 21cm
Published: Bratislava Slovenské pedagogické nakladateľstvo 1978
Edition:4. vyd.
Subjects:

MARC

LEADER 00000cam a2200000 a 4500
001 vtls001111847
003 SK-MaSNL
005 20260301050702.0
008 240315s1978 xo 00000 slo
015 |a SNBA1978 
035 |a SNK000054690 
040 |a SNK  |b slo  |c SNK  |e AACR2 
041 0 |a slo 
044 |a xo  |c SK 
080 |a 82(091):820/89"08/18"+885.0"08/18"+885.4"08/18"(075.3)  |2 1981 
080 |a 820/89"08/18"  |2 1981 
080 |a 885.0"08/18"  |2 1981 
080 |a 885.4"08/18"(075.3)  |2 1981 
080 |a 885.0(091)"08/18"(075.3)  |2 1981 
080 |a 885.4(091)"08/18"(075.3)  |2 1981 
080 |a 82  |2 1981 
080 |a 37(075.3)  |2 1981 
100 1 |a Minárik, Jozef,  |d 1922-2008  |4 aut  |9 119628 
245 1 0 |a Literatúra pre 1. ročnik gymnázií a pre 1. ročník stredných odborných škôl  |c Jozef Minárik, Juraj Koutun ; Karol Rosmány 
250 |a 4. vyd. 
260 |a Bratislava  |b Slovenské pedagogické nakladateľstvo  |c 1978  |e Prešov  |f Duklianske tlačiarne 
300 |a 231 s., 10,79 AH  |c 21cm 
366 |e 1978 výt. 
500 |a Lit. 79. Tit, dvojlist. 79 zázn. o knihách v jaz. slov. a čes. 
650 0 7 |a slovenská literatúra  |2 SNK  |9 1115 
650 0 7 |a svetová literatúra  |2 SNK  |9 1433 
655 7 |a učebnice stredných škôl  |2 SNK  |9 69323 
700 1 |a Koutun, Juraj,  |d 1921-1997  |4 aut  |9 5484 
700 1 |a Rosmány, Karol,  |d 1937-2022  |4 bkd  |9 194694 
958 |a LX 
958 |a NB 
958 |a OND 
999 |c 601546  |d 603476 
952 |t P60, <92>, [BOOK], {604}  |a SNK  |b SNK  |y NEVYP  |7 0  |o snkSC 43782 D1  |0 0  |1 0  |4 0  |d 1998-05-29  |l 0  |r 2004-12-31 00:00:00  |w 2026-02-23 
952 |t P60, <03>, [BOOK], {603}  |a SNK  |b SNK  |y PREZ  |7 0  |p 17A0309789  |o snkSC 43782  |i snkKSP 2809/78  |0 0  |1 0  |4 0  |d 2001-07-23  |l 0  |r 2025-10-21 00:00:00  |w 2026-02-23